Double H, I, J and K Words Quiz Stats

 Plays Quiz Updated Mar 19, 2012

Also try: Double OU words
Challenge
Share
Tweet
Embed
Score 0/30 Timer 10:00
0 Plays Today
Clue Answer % Correct
Extend a thumb to request a rideHitchhike
96.5%
The 44th president of the USA
was born in this state
Hawaii
69.3%
This sport's main disciplines
are Alpine and Nordic
Skiing
67.6%
This video game console was the
successor to the GameCube
Wii
67.1%
Term for a person with an affection for the Starship Enterprise and its crewTrekkie
55.5%
Where you may put a worm if you want bassFishhook
50.3%
Personal avatar created
using the above console
Mii
49%
Jewish Festival of LightsHanukkah
46.6%
Wordless request for silence, as in a theatreShhh
46.1%
An adherent of the second-largest
denomination of Islam
Shiite
43.4%
The large bones of the lower arm
that are not the ulnae
Radii
41.2%
Mushroom originating in Japan and ChinaShiitake
37.1%
Islam's Fifth Pillar is a pilgrimage to MeccaThe Hajj
33.8%
Place to go for a steam or a saunaBathhouse
30.1%
This occupation is also the only English word with three consecutive double lettersBookkeeper
28.9%
Clue Answer % Correct
Televangelist who once hosted of the PTL Club with his wife Tammy FayeJim Bakker
26.8%
Rudyard Kipling story of a valiant mongooseRikki-Tikki-Tavi
24.5%
Small, decorative curioKnickknack
24%
Tokyo Stock Exchange stock market indexNikkei 225
22.2%
Another AnimaniacWakko
21.8%
Blade that can be folded into its holder for pocket storageJackknife
20.8%
Japan's second largest island;
its capital is Sapporo
Hokkaidō
18.9%
To refuse to hand over or shareWithhold
18.7%
Red Sox hurler ClayBuchholz
18.5%
An AnimaniacYakko
18.3%
Full name of the long-time Twin, then Angel, now signed by the TigersTorii Hunter
17.6%
1990's R & B band hit it big with CooleyhighharmonyBoyz II Men
17.4%
Juno, Gold, Sword, Omaha and Utah are WWII examples of this type of achievementBeachhead
16.3%
Bible book named after
one of the twelve prophets
Habakkuk
14.2%
Laid-back singer/songwriter's only hit
was 1972's Crazy Mama
JJ Cale
3.1%

You're not logged in!

Compare scores with friends on all Sporcle quizzes.
Join for Free
OR
Log In

You Might Also Like...

Show Comments

Extras

Top Quizzes Today


Score Distribution

Your Account Isn't Verified!

In order to create a playlist on Sporcle, you need to verify the email address you used during registration. Go to your Sporcle Settings to finish the process.

Report this User

Report this user for behavior that violates our Community Guidelines.

Details: